000 00294nam a2200109Ia 4500
008 200302s9999 xx 000 0 und d
100 _aVictoria Ballard Bell & Patrick Rand
245 _aMaterials for Architectural Design 2
260 _bLaurence King Publishing
260 _c2014
300 _a272
999 _c3621
_d3621